| 000 | 00433nam a2200145Ia 4500 | ||
|---|---|---|---|
| 008 | 230917s9999||||xx |||||||||||||| ||und|| | ||
| 040 |
_e89092 _aMAIN |
||
| 041 | _aEnglish | ||
| 082 | _a709.54 R18K | ||
| 100 | _aRao, M S Nagaraja, ed. | ||
| 245 | 0 | _aKusumanjali new interpretation of Indian art and culture. V2- Sh. Sivaramamurti commemoration | |
| 260 |
_aDelhi _bAgam Kala Prakashan _c1987 |
||
| 300 | _axvi, 472 p. | ||
| 942 | _cBK | ||
| 999 |
_c56325 _d56325 |
||